| 000 | 00727nam a2200193Ia 4500 | ||
|---|---|---|---|
| 001 | 7475 | ||
| 003 | GE_BSU | ||
| 008 | 181216s||||||||xx |||||||||||||| ||und|| | ||
| 040 | _cGE_BSU | ||
| 080 | _a621.3(035.5) | ||
| 245 | _aЭлектротехнический справочник. | ||
| 245 | _cПод общей ред.А.Т.Голована, П.Г.Грудинского, Г.Н.Петрова, А.М.Федосеева. Гл. ред. М.Г.Чиликин, Ред.И.В.Антик. | ||
| 260 | _aМ.-Л. | ||
| 260 | _bГос.энергетическое изд-во. | ||
| 260 | _c1952. | ||
| 300 | _a640стр. 27см. с илл. | ||
| 653 | _aЭлектротехнический справочник. | ||
| 942 | _cBK | ||
| 999 |
_c40835 _d40835 |
||